000
00267nam a22001217a 4500
008
170213b xxu||||| |||| 00| 0 eng d
041
_a
eng
080
_2
17ED
_a
61
100
_a
4
101
_a
SHM
245
_a
HARRISON S MANUAL MEDICINE
_c
FAUCI.S
942
_2
udc
_c
BK
999
_c
5325
_d
5325